000 00415nam a2200181Ia 4500
001 20161
005 20260306172746.0
008 260306t1987||||xx |||||||||||||| ||spa||
041 _aESP
082 _a342.8
_bT77
100 _aTovar Gil, MarĂ­a del Carmen
_eAUT
245 0 _aDerecho internacional privado
260 _c1987
300 _a
_c
650 _aGEN
654 _aCDE
942 _cLIB
_dJUS
_fJUS
_2ddc
_n
999 _c20161
_d20161